000
00338nam a2200133Ia 4500
008
220216s9999 xx 000 0 und d
100
_a
Sivakumaran S
245
0
_a
Prospects of puncture tapping in specific areas
260
_b
Planters Bulletin
_c
1984
300
_a
59-64
650
_a
Hevea
650
_a
Puncture tapping
942
_c
JS
999
_c
66038
_d
66038